000 00750nam a2200229 i 4500
001 C2-0273333
003 PPAK
005 20180728002715.0
008 060809s xx a|||| ||||| | may d
040 _aPPAK
_beng
_cPPAK
_erda
082 0 4 _a923.1595112
_223
090 0 0 _a923.1595112
_bNOR
_dKK
100 0 _aNorain Mustapa,
_eauthor
245 1 0 _aBiografi Tunku Yaacob Pengasas Pekan Sehari Di Kedah
264 1 _a[place of publication not identified] :
_b[publisher not identified] ,
_c[date of publication not identified]
300 _a16 pages :
_billustrations ;
_c30 cm
336 _2rdacontent
_atext
337 _2rdamedia
_aunmediated
338 _2rdacarrier
_avolume
650 1 0 _aHeads of state - Biography - Kedah
942 _ddc
_cB
999 _c81248
_d81248